| 000 | 01334nam a2200337 i 4500 | ||
|---|---|---|---|
| 001 | 66773 | ||
| 003 | ES-MaACL | ||
| 005 | 20230906165829.0 | ||
| 007 | t| | ||
| 008 | 030428s2003 sp ||||0| spa d | ||
| 020 | _a84-8480-049-0 | ||
| 040 |
_aM-BN _bspa _cM-BN |
||
| 080 | _a75 Vermeer, Johannes (083.824) | ||
| 245 | 0 | 0 |
_aVermeer y el interior holandés _b: [exposición] del 19 de febrero al 18 de mayo, Museo Nacional del Prado / _c[textos] Alejandro Vergara, con la colaboración de Mariët Westermann ; [traducciones, Laura Suffield y Agustín Vergara Sharp]. |
| 260 |
_aMadrid : _bMuseo Nacional del Prado, _c2003. |
||
| 300 |
_a259 p. : _bprincipalmente il. col. ; _c28 cm. |
||
| 504 | _aBibliografía p. 189-195. Indice. | ||
| 504 | _aTexto en español con traducción al inglés. | ||
| 600 | 1 | 4 |
_aVermeer, Johannes- _vExposiciones. _9114148 |
| 650 | 4 |
_aPintura holandesa- _yS.XVII- _vExposiciones. _916058 |
|
| 655 | 7 |
_2tgfbne _9193628 _aCatálogos de exposiciones |
|
| 700 | 1 |
_aVergara, Alejandro. _9114078 |
|
| 700 | 1 |
_aWestermann, Mariët. _9116564 |
|
| 700 | 1 |
_aVergara, Agustín. _9114077 |
|
| 700 | 1 |
_aSuffield, Laura. _9108736 |
|
| 710 | 2 |
_aMuseo Nacional del Prado. _9160001 |
|
| 852 |
_aES-MaACL _jL-27261 _bR.132800 |
||
| 942 | _2udc | ||
| 999 |
_c66773 _d66773 |
||